000
00225nam a2200097Ia 4500
008
240331s9999 xx 000 0 und d
082
_a
301.05
_b
ELU
100
_a
Social and development center. ed
245
0
_a
Elucci
942
_c
L
999
_c
1078
_d
1078